Statistics for Silicon Valley Characters

Click here to take the quiz!

General Stats

  • This quiz has been taken 120 times
  • The average score is 8 of 10

Answer Stats

Name% Correct
1Richard
97%
4Dinesh
94%
3Gilfoyle
90%
2Erlich
89%
5Jared
82%
8Monica
82%
7Gavin
79%
9Peter
68%
6Big head
67%
10Jiang Yang
61%

Score Distribution

Percentile by Number Answered

Percent of People with Each Score

Your Score History

You have not taken this quiz